| 000 | 00822nas a2200253 4500 | ||
|---|---|---|---|
| 001 | BR7305985 | ||
| 003 | BR-BrBNA | ||
| 005 | 20231205082550.0 | ||
| 007 | ta | ||
| 008 | 230509b bl.|||p| |||| 00| 00por d | ||
| 040 |
_aBR-BrBNA _bpor _cBiblioteca Nacional de Agricultura |
||
| 041 | _a(Pt) | ||
| 072 | _aH20 | ||
| 100 | 1 | _aRodrigues Neto, J. | |
| 100 | 1 | _aPereira, A.L.G. | |
| 100 | 1 | _aZagatto, A.G. | |
| 245 | 1 | _a"Mancha bacteriana" em folhas de Chrysanthemum morifolium Ram. no estado de Sao Paulo, causada por Pseudomonas cichorii (Svingle)Stapp, 1928 [Brasil] | |
| 650 | _aMANCHA BACTERIANA | ||
| 650 | _aCRISANTEMO | ||
| 650 | _aSAO PAULO | ||
| 773 | 0 |
_tBiologico (brazil) _xISSN 0366-0567 _g(May 1976), v. 42(5-6) p. 118-122 _wBR7305985 |
|
| 909 |
_a202311 _bLúcia _c55 _dLúcia Elande |
||
| 942 |
_2AGRIS _n0 _cANA |
||
| 999 |
_c92838 _d92838 |
||